| 000 | 00000nam##2200000za#4500 |
| 001 | 9.679856 |
| 003 | CaOODSP |
| 005 | 20200330062355 |
| 007 | ta |
| 008 | 150407|1996||||xxc||||| f|0| 0 fre|d |
| 020 | |a0-662-81454-1 |
| 040 | |aCaOODSP|bfre |
| 043 | |an-cn--- |
| 086 | 1 |aH39-385/1996-1F |
| 110 | 1 |aCanada.|bSanté Canada. |bDirection générale des services et de la promotion de la santé. |
| 245 | 10|aRapport sur la santé des Canadiens et Canadiennes / |cPréparé par le Comité consultatif fédéral-provincial-territorial sur la santé de la population. |
| 260 | |aOttawa - Ontario : |bSanté Canada. |c1996. |
| 300 | |avi, 113p. : |bgraphiques, tableaux ; |c28 cm. |
| 500 | |a«Le rapport permet d'informer le public sur l'état de santé des Canadiens et les facteurs qui l'influencent. Il vise aussi à aider les décideurs, les intervenants du domaine de la santé et le public à mesurer les progrès accomplis au Canada sur le plan de la santé globale de la population et à cerner les mesures à prendre pour continuer à l'améliorer.»--Page i. |
| 504 | |aBibliographie. |
| 520 | 3 |aLe rapport permet d'informer le public sur l'état de santé des Canadiens et les facteurs qui l'influencent. Il vise aussi à aider les décideurs, les intervenants du domaine de la santé et le public à mesurer les progrès accomplis au Canada sur le plan de la santé globale de la population et à cerner les mesures à prendre pour continuer à l'améliorer.--Page i |
| 563 | |aCouverture souple |
| 590 | |a98-28|b1998-07-10 |
| 691 | 07|aSanté|2gcpds |
| 775 | 08|tReport on the health of Canadians / |w(CaOODSP)9.646293 |
| 776 | 0#|tRapport sur la santé des Canadiens et Canadiennes / |w(CaOODSP)9.640416 |